| 000 | 00499nam a2200181Ia 4500 | ||
|---|---|---|---|
| 008 | 191130s1995##################000#0#eng## | ||
| 020 | _a9780333611715 | ||
| 040 |
_aACL _cACL |
||
| 082 | _a150 DWY | ||
| 100 | _aDwyer, Diana | ||
| 245 |
_aA level psychology _cDiana Dwyer and Jane Scampion |
||
| 260 |
_aBasingstoke, Hampshire _bPalgrave Macmillan _c1995 |
||
| 300 | _a391 S : Ill | ||
| 650 | _aPsychology | ||
| 990 | _a9b9026a1ac10000c258a754048473150 | ||
| 991 | _a210733 | ||
| 999 |
_c357304 _d357304 |
||